Поквартирный учёт тепла и воды: тема дня; Энергосбережение; № 1

Bibliografiske detaljer
Parent link:Энергосбережение: специализированный журнал/ Ассоциация инженеров по отоплению, вентиляции, кондиционированию воздуха, теплоснабжению и строительной теплофизике (АВОК), ООО ИИП "АВОК-ПРЕСС".— , 2000-.— 1609-7505
№ 1.— 2002.— С. 26-27
Hovedforfatter: Семенихин С. И.
Andre forfattere: Никитина С. В.
Sprog:russisk
Udgivet: 2002
Serier:Приборы и системы учёта энергоресурсов
Fag:
Format: MixedMaterials Book Chapter
KOHA link:https://koha.lib.tpu.ru/cgi-bin/koha/opac-detail.pl?biblionumber=382044

MARC

LEADER 00000naa2a2200000 4500
001 382044
005 20231101062914.0
035 |a (RuTPU)RU\TPU\prd\5306 
090 |a 382044 
100 |a 20020701a2002 k y0rusy50 ca 
101 0 |a rus 
102 |a RU 
200 1 |a Поквартирный учёт тепла и воды: тема дня  |f С. И. Семенихин, С. В. Никитина 
225 1 |a Приборы и системы учёта энергоресурсов 
461 1 |0 (RuTPU)RU\TPU\prd\913  |x 1609-7505  |t Энергосбережение  |o специализированный журнал  |f Ассоциация инженеров по отоплению, вентиляции, кондиционированию воздуха, теплоснабжению и строительной теплофизике (АВОК), ООО ИИП "АВОК-ПРЕСС"  |d 2000- 
463 1 |0 (RuTPU)RU\TPU\prd\2717  |t № 1  |v С. 26-27  |d 2002 
610 1 |a теплоснабжение 
610 1 |a водоснабжение 
610 1 |a коммунальные услуги 
610 1 |a теплосчётчики 
610 1 |a квартирные водосчётчики 
700 1 |a Семенихин  |b С. И. 
701 1 |a Никитина  |b С. В. 
801 1 |a RU  |b 63413507  |c 20020701  |g PSBO 
801 2 |a RU  |b 63413507  |c 20120417  |g PSBO 
942 |c BK